[Event "FICGS theme 0000 email"]
[Site "FICGS email"]
[Date "2006.06.24"]
[Round "1"]
[White "Abolmaali, Kayvan"]
[Black "Vasquez, Fernando Jose Pinto"]
[Result "0-1"]
[WhiteElo "1640"]
[BlackElo "1400"]
[PlyCount "56"]
[EventDate "2006.??.??"]
[EventType "swiss (corr)"]
[EventRounds "1"]
[SourceTitle "Corr 2022"]
[Source "ChessBase"]
[SourceDate "2021.10.24"]
[SourceVersion "1"]
[SourceVersionDate "2021.10.24"]
[SourceQuality "1"]

1. d4 Nf6 2. c4 c5 3. d5 b5 4. cxb5 a6 5. Nc3 axb5 6. e4 b4 7. Nb5 d6 8. Bf4 Nxe4 9. Qe2 g5 10. Qxe4 gxf4 11. Qxf4 Bg7 12. Nf3 Bxb2 13. Rb1 Bf6 14. Bd3 Nd7 15. 0-0 Nb6 16. Rfe1 Nxd5 17. Qxd6 Qxd6 18. Nxd6+ Kf8 19. Nxc8 Rxc8 20. Bc4 e6 21. Ne5 Kg7 22. h3 Nc3 23. Rbc1 Ra8 24. Rc2 Rhd8 25. Bb3 Bxe5 26. Rxe5 Rac8 27. Bc4 Rd4 28. Ba6 Ra8 0-1